00530nam a2200217Ia 4500003000400000008004100004040001600045082001300061100001900074245005900093260003200152300001000184650002100194650001200215650001200227650000900239650001600248650001700264650001200281650001900293GCL140319s9999 xx 000 0 eng d aGCL / cGCL04a420bB H1 aBURNLEY, DAVID10aTHE HISTORY OF THE ENGLISH LANGUAGE / cBURNLEY, DAVID a[S.N] : bLONGMAN ، c1992 a373 P04aENGLISH LANGUAGE04aHISTORY04aDIALECT04aTEXT04aOLD ENGLISH04aEARLY MODERN04aSOURCES04aMIDDLE ENGLISH